000
00279nam a2200121 a 4500
008
101026s1976|||| d
100
1
_a
Mikszáth, Kálmán
245
1
0
_a
Čierny záprah
260
_b
Tatran
_a
Bratislava
_c
1976
041
_a
slo
020
_c
20
044
_a
xo
_c
SK
999
_c
12288
_d
12288